| 000 | 00702nam a22001937a 4500 | ||
|---|---|---|---|
| 999 |
_c180398 _d180398 |
||
| 005 | 20210809121119.0 | ||
| 010 | _aENG-129687 | ||
| 020 |
_c895.00 _a9780199489923 |
||
| 035 | _aEN-113219 | ||
| 037 | _bDBAD/PUB | ||
| 082 | _a027.054 | ||
| 100 | _aBhattacharya, Sabyasachi | ||
| 245 |
_aArchiving the British Raj: _bHistory of the Archival Policy of the Government of India With Selected Documents, 1858-1947/ _cSabyasachi Bhattacharya |
||
| 250 | _a2019 | ||
| 260 |
_aNew Delhi _bOxford University Press _c2019 |
||
| 270 |
_a2/11 Ground floor, Ansari Road, Darya ganj, _bNew Delhi _e110002 |
||
| 300 |
_a226 p. _c22cm(hbk) _bBibiliography, Index |
||
| 942 |
_2ddc _cEN _h027.054 _kBHA |
||